Los conjuntos inmobiliarios y su obligación de regularizar su situación jurídica (Registro nro. 31917)
[ vista simple ]
| 000 -LEADER | |
|---|---|
| fixed length control field | 00370 a2200109 4500 |
| 001 - CONTROL NUMBER | |
| control field | ART_51683 |
| 005 - DATE AND TIME OF LATEST TRANSACTION | |
| control field | 20260410162008.0 |
| 008 - FIXED-LENGTH DATA ELEMENTS--GENERAL INFORMATION | |
| fixed length control field | 260409a |
| 100 1# - MAIN ENTRY--PERSONAL NAME | |
| Personal name | Humphreys, Ethel |
| 245 10 - TITLE STATEMENT | |
| Title | Los conjuntos inmobiliarios y su obligación de regularizar su situación jurídica |
| 773 0# - HOST ITEM ENTRY | |
| Title | Temas de derecho civil |
| Related parts | - Año 7, N° 2 (feb. 2021) |
| Record control number | REV34778 |
No hay ítems disponibles.